000 00932nmm a2200277 a 4500
001 ocm000593455
003 TR-IsHL
005 20201028134744.0
008 131203s2008 tu tur
007 cr cn
020 _a9789759044213
035 _a593455
_b(N$T)
050 0 4 _aBP173.25
_b.K88 2008
090 0 4 _aBP173.25
_b.K88 2008
100 1 _aKutub, Seyyid
245 1 0 _aİslam'da sosyal adalet
_h[electronic resource] /
_cSeyyid Kutub ; çev. M. Beşir Eryarsoy
260 _aİstanbul :
_bAğaç Kitabevi Yayınları,
_c2008
300 _a368 p.
650 4 _aFelsefe, Psikoloji ve Din
650 4 _aPhilosophy, Psychology and Religion
650 0 _aSosyal adalet
_x İslam
650 0 _aSocial justice
_x Islam
650 7 _aSOCIAL SCIENCE / Islamic Studies
_2bisacsh
700 1 _aEryarsoy, M. Beşir
856 4 0 _uhttp://search.ebscohost.com/login.aspx?direct=true&scope=site&db=e011xww&AN=593455
999 _c6368
_d6368